Statistics for Native Languages of Italy

Click here to take the quiz!

General Stats

  • This quiz has been taken 248 times
    (215 since last reset)
  • The average score is 12 of 24

Answer Stats

SpeakersLanguage% Correct
65 millionItalian
97%
4.7 millionSicilian
78%
1 millionSardinian
73%
100,000French
70%
5.7 millionNeapolitan
68%
3.9 millionVenetian
68%
100,000Arbëresh
62%
3.5 millionLombard
62%
700,000Piedmontese
60%
70,000Griko
59%
41,000Ladin
55%
600,000Friulian
51%
500,000Ligurian
50%
1.7 millionEmilian-Romagnol
49%
90,000Slovene
46%
2,000Croatian
44%
6,000Corsican
40%
20,000Catalan
37%
100,000Occitan
35%
250,000Bavarian
30%
68,000Arpitan
28%
23,000Alemannic
22%
100,000Sassarese
15%
100,000Gallurese
13%

Score Distribution

Percentile by Number Answered

Percent of People with Each Score

Your Score History

You have not taken this quiz since the last reset